000
00211 a2200097 4500
001
43664
100
_a
Bailey
245
_a
A survival kit for writing English
260
_a
_b
Longmans
_c
090
_c
27458
_d
27458
942
_a
NUST-CAE
_c
M
_c
19400
999
_c
278737
_d
278737